| 000 | 00909nam a2200241 a 4500 | ||
|---|---|---|---|
| 001 | 000021969 | ||
| 005 | 20240302073956.0 | ||
| 008 | 100915s2005 dr 000 0 spa d | ||
| 020 | _a9590903118 | ||
| 040 |
_aDO-SdBNP _bspa _cBNPHU |
||
| 082 |
_a923.57293 _bG633v |
||
| 100 | 1 |
_aGómez, Máximo, _d1836-1905 _912249 |
|
| 245 | 1 | 3 |
_aEl viejo Eduá y otros escritos / _cselección Fernando Martínez Heredia ; edición María Cristina Eduardo Vásquez. |
| 260 |
_aLa Habana : _bJosé Martí, _c2005. |
||
| 300 |
_a133 p. ; _c21 cm. |
||
| 500 | _aHomenaje al generalísimo Máximo Gómez 1905-2005. | ||
| 600 | 1 | 0 |
_aGómez, Máximo, _d1836-1905 _912249 |
| 651 | 4 |
_aCuba _xHistoria _yGUERRA DE INDEPENDENCIA, 1895-1898 _911019 |
|
| 700 | 1 | 2 |
_aMartínez Heredia, Fernando, _ecomp. _945551 |
| 700 | 1 | 2 |
_aEduardo Vásquez, María Cristina, _eed. _945552 |
| 910 | _aValidado. Control de calidad MFF | ||
| 049 | _aBNPD | ||
| 999 |
_c21467 _d21467 |
||